000 00455pab a2200181 454500
008 180718b2008 xxu||||| |||| 00| 0 eng d
100 _aBammi, Y.M.
245 _aCrossed swords Pakistan, it's army and the wars within (a review article)
260 _c2008
300 _ap.416-17.
362 _aJul-Sep
650 _aWar - Pakistan
650 _aPakistan. Army
650 _aArmed forces
773 _aUSI Journal
908 _aN
909 _a80899
999 _c80899
_d80899